| 000 | 00683nam a22001695i 4500 | ||
|---|---|---|---|
| 001 | 173703 | ||
| 003 | ES-MaACL | ||
| 005 | 20250603172510.0 | ||
| 008 | 100112s1885 sp |||| | spa d | ||
| 110 | 2 |
_aInstituto de Fomento del Trabajo Nacional. _9134540 |
|
| 245 | 1 | 1 | _a[Exposición elevada a las Cortes... contra el establecimiento de un modus vivendi, seguido de un tratado de comercio con la Gran Bretaña]. |
| 260 |
_a[Barcelona : _bs.n., _c1885 ( _fSuc. de N. Ramirez y Cª]) |
||
| 300 |
_a14 p. ; _c23 cm. |
||
| 651 | 7 |
_aEspaña- _xComercio exterior- _zGran Bretaña _2 _9172049 |
|
| 852 |
_aES-MaACL _jT-381-F-3 _q.- Ejemplar sin portada |
||
| 999 |
_c173703 _d173703 |
||